Ako funguje Európsky menový systém Ekonomická integrácia proti nežiadúcim vplyvom zo zámoria

Fungovanie Európskeho menového systému od r.1979. Členské štáty Európskeho spoločenstva. Kurzové vzťahy medzi menami členských krajín. Zloženie menového koša, podiel jednotlivých mien v menovom koši. Základná zložka EMS je Európska menová jednotka - ECU. Mechanizmus devízových kurzov. Úverové mechan...

ver descrição completa

Na minha lista:
Detalhes bibliográficos
Autor principal: Križan, S.
Formato: Capítulo de Livro
Idioma:eslovaco
Assuntos:
Tags: Adicionar Tag
Sem tags, seja o primeiro a adicionar uma tag!

MARC

LEADER 00000naa a2200000 4500
001 r000313
005 20221213113921.9
041 0 |a slo 
044 |a SK 
245 1 0 |a Ako funguje Európsky menový systém  |b Ekonomická integrácia proti nežiadúcim vplyvom zo zámoria  |c S. Križan 
520 |a Fungovanie Európskeho menového systému od r.1979. Členské štáty Európskeho spoločenstva. Kurzové vzťahy medzi menami členských krajín. Zloženie menového koša, podiel jednotlivých mien v menovom koši. Základná zložka EMS je Európska menová jednotka - ECU. Mechanizmus devízových kurzov. Úverové mechanizmy EMS. 
610 2 0 |a Európsky menový systém 
610 2 0 |a politika menová 
610 2 0 |a euromena 
610 2 0 |a ECU 
610 2 0 |a kurz devízový 
610 2 0 |a Európske spoločenstvá 
610 2 0 |a mena 
610 2 0 |a integrácia menová 
100 1 |a Križan, S.